000 00743pam a2200229 a 4500
020 _a0070359733 (acidfree paper)
040 _cDLC
082 0 0 _a305 MCG 1999 A013 Or.
100 1 _aKottak, Conrad Phillip.
245 1 0 _aOn being different :
_bdiversity and multiculturalism in the North American mainstream /
260 _aBoston :
_bMcGraw-Hill College,
_cc1999.
300 _axxi, 329 p. :
_bill. ;
_c23 cm.
650 0 _aEthnology
650 0 _aMulticulturalism
650 0 _aEthnicity
650 0 _aMinorities
650 0 _aSocial structure
700 1 _aKozaitis, Kathryn A.
856 4 2 _uhttp://www.loc.gov/catdir/description/mh023/98008621.html
856 4 1 _uhttp://www.loc.gov/catdir/toc/mh022/98008621.html
942 _cEK
999 _c13147
_d13147